LEADER 01224nam a2200229 4500 001 000000355747 003 CaOOAMICUS 005 20231122144817.0 008 231017s2023 it a 000 u ita r 040 $aSeMil$bita 245 00$aAl cuore della democrazia :$bpartecipare tra storia e futuro : Trieste, 3-7 luglio 2024 /$ca cura del Comitato Scientifico e Organizzatore delle Settimane Sociali dei Cattolici in Italia. 264 1$a[S.l. :$bs.n.],$c[2023] 300 $a36 p. :$bill. ;$c21 cm 500 $aIn testa al front.: Documento preparatorio della 50^ settimana sociale dei cattolici in Italia 650 4$aSettimane Sociali dei cattolici italiani.$0(OLS)http://semarc/subject/349 710 0 $aComitato scientifico e organizzatore delle Settimane sociali dei cattolici italiani.$0(OLS)http://semarc/name/49555 850 $aSeMil 852 $aSeMil$W1$xVenegono$y1$m5B IV 1/20$j244202$B246980$CSeMilBibl$Z2$F246980 $81 961 $aBonazzoli don Davide - Omaggio 996 $6245$aAl cuore della democrazia :$bpartecipare tra storia e futuro : Trieste, 3-7 luglio 2024$9(OLS)http://semarc/title/445972 996 $6264$a[S.l. :$bs.n.]$9(OLS)http://semarc/publisher/29751 LEADER 00835nas a2200193 i 4500 001 000000019529 003 CaOOAMICUS 005 20090810000000.0 008 090810s1997 gw u0 und u 022 $a0948-4736 040 $aSeMil$bita 100 1 $aBechinger, Walter <1950- >.$0(OLS)http://semarc/name/8708 245 10$aDarmstädter Theologische Beiträge zu Gegenwartsfragen /$chrsg. von Walter Bechinger und Uwe Gerber. 260 $aFrankfurt am Main [etc.] :$bPeter Lang,$c1997. 300 $av. ;$c21 cm. 700 1 $aGerber, Uwe <1939- >.$0(OLS)http://semarc/name/8709 996 $6022$a0948-4736$9(OLS)http://semarc/number/1129 996 $6245$aDarmstädter Theologische Beiträge zu Gegenwartsfragen$9(OLS)http://semarc/title/25693 996 $6260$aFrankfurt am Main [etc.] :$bPeter Lang$9(OLS)http://semarc/publisher/32472